Bruce Campbell Movies Quiz Stats

 Plays Quiz Updated Jan 4, 2021

Support Sporcle.
Go Orange.
Score 0/53 Timer 10:00
1 Play Today
Year Movie Title % Correct
1981The Evil Dead
92.7%
1992Army of Darkness
91.3%
1987Evil Dead II: Dead By Dawn
88.4%
2002Spider-Man
75.3%
2004Spider-Man 2
71.1%
2007Spider-Man 3
69.2%
2002Bubba Ho-tep
53.4%
2007My Name is Bruce
38.8%
2013Oz the Great and Powerful
23.8%
1990Darkman
21.8%
2005Sky High
19.7%
1996Escape from L.A.
18.5%
1988Maniac Cop
17.4%
2005Man with the Screaming Brain
16.2%
1990Maniac Cop 2
13.2%
1994The Hudsucker Proxy
12.7%
1996Fargo
12.5%
1995Congo
12.5%
2015The Escort
11.1%
1985Crimewave
9.7%
2014The Color of Time
8.5%
2017Highly Functional
8.5%
1997McHale's Navy
8.4%
2001The Majestic
8.4%
2007Aqua Teen Hunger Force Colon Movie Film for Theaters
7.9%
2003Intolerable Cruelty
7.4%
1978Within the Woods
7.1%
Year Movie Title % Correct
2004The Ladykillers
7%
2002Serving Sara
6.6%
2006The Ant Bully
6.5%
2006The Woods
6.1%
1992Mindwarp
5%
2009Cloudy with a Chance of Meatballs
5%
1989Intruder
4.8%
1989Moontrap
4.8%
1992Waxwork II: Lost in Time
4.8%
1977It's Murder
4.8%
1990Sundown: The Vampire in Retreat
4.7%
1997Running Time
4.3%
2011Cars 2
4.2%
1984Going Back
3.5%
1989The Dead Next Door
3.5%
2000Icebreaker
3.5%
1991Lunatics: A Love Story
3.4%
1997Menno's Mind
3.3%
1998La Patinoire
3.2%
1992Eddie Presley
3.2%
1985Stryker's War
3.1%
2000Timequest
2.9%
1995The Demolitionist
2.8%
1982Cleveland Smith: Bounty Hunter
2.8%
2001Hubert's Brain
2.3%
2009White on Rice
1.6%

From the Vault

US States Templates

by gazzso

Template for actually running the state not included.
Remove Ads.
Support Sporcle.
Get the best of Sporcle when you Go Orange. This ad-free experience offers more features, more stats, and more fun while also helping to support Sporcle. Thank you for becoming a member.

Show Comments

Extras

Top Quizzes Today


Score Distribution

Your Account Isn't Verified!

In order to create a playlist on Sporcle, you need to verify the email address you used during registration. Go to your Sporcle Settings to finish the process.

Report this User

Report this user for behavior that violates our Community Guidelines.

Details: